[Event "Memorial Di Vincenzi A"]
[Site "Firenze ITA"]
[Date "2003.11.??"]
[Round "?"]
[White "Tocchioni, Doriano"]
[Black "Contini, Davide"]
[Result "0-1"]
[WhiteElo "2199"]
[BlackElo "1860"]
[PlyCount "64"]
[EventDate "2003.11.22"]

1. d4 Nf6 2. Nf3 g6 3. c4 Bg7 4. Nc3 d5 5. Qb3 c6 6. cxd5 cxd5 7. Bg5 e6 8. h4
h6 9. Bf4 O-O 10. e3 Nc6 11. Be2 a6 12. Ne5 Nxe5 13. Bxe5 Ne4 14. Bxg7 Kxg7 15.
Nxe4 dxe4 16. h5 Qa5+ 17. Kf1 g5 18. Rc1 b5 19. f4 gxf4 20. exf4 Qd2 21. Qg3+
Kh8 22. Rd1 Qxb2 23. f5 exf5 24. Qd6 Be6 25. d5 Rad8 26. Qxa6 Rg8 27. Qxb5 Qxa2
28. d6 Kh7 29. Rh3 Rb8 30. Qe5 Rxg2 31. Re1 Rbg8 32. Rh1 Qa7 0-1